000 00290cam a2200133ua 4500
041 _amal
_h
082 _a894.8122
_bNNP/PR
100 _aN N Pillai, .
245 _aPrethalokam /
_cN N Pillai.
_hTextual Documents
300 _a129 ; .
504 _a
942 _cBK
999 _c7222
_d7222